000 00452nam a22001697a 4500
005 20251108172214.0
008 250721s1983 xx 000 0 ara d
082 1 4 _aق/خور
100 1 _aخوري، توما
_eمؤلف
245 1 0 _aوصيفهن شتاء /
264 _bدار المفيد،
_c1983.
300 _a139ص.
490 0 _aفي عالم الثقافة
650 1 7 _aالقصص العربية
942 _2ddc
_cBK
999 _c73101
_d73101